000 00688nam a2200241Ia 4500
003 OSt
005 20221007064244.0
006 a|||||r|||| 00| 0
007 ta
008 221006b |||||||| |||| 00| 0 eng d
024 _a25,782
037 _cReports / Technical Reports
040 _aFLL
_cFLL
_beng
041 _2eng
_aeng
082 _aX72:Z2qN76, L6
100 _aBhargava U. K. Ed.
245 0 _aFinance act 1976
260 _aDelhi
_bA Taxmann Publication India
_c1976
300 _a79p
_ccm.
700 _a Bhargava B. P.
942 _hX72:Z2qN76, L6
_cREP
_2CC
999 _c1133386
_d1133386